00689nam a2200241 a 4500001001300000003000900013005001700022008004100039020000800080082001600088100002500104245002500129260004100154300000900195500003500204505001500239650002600254700002500280902000800305942000700313952011200320999001500432nice12345678IN_TiNIC20260116011752.0050524s1969 dela grp 000 0 urd  ac900a922.97bCHI aChishti, Yusuf Salim aSharah-E-Bang-E-Dara aDelhibIteqad Publishing Housec1969 a536p aincludes index and biblioraphy2 aManuscript aIqbal Muhammad-Poetry1 aChishti, Yusuf Salim bSRS cBK 001040708StackRoom-aHMIbHMId2007-06-06g9.00l0o922.97 CHIp05416r2007-06-06v9.00w2005-05-24yBK c3825d3825